| 000 | 00350nam a2200133Ia 4500 | ||
|---|---|---|---|
| 008 | 240624s9999 xx 000 0 und d | ||
| 041 | _aeng | ||
| 082 | _a658.1599 SAT | ||
| 100 | _aSATHYE MILIND | ||
| 245 | _aINTERNATIONAL FINANCIAL MANAGEMENT | ||
| 260 |
_c2012 _aNew Delhi _bWIley India |
||
| 300 | _axxiv, : 495 : p. : cm. ; 23 | ||
| 365 |
_cRS _b31 |
||
| 999 |
_c20950 _d20950 |
||